各种知识 #19 General knowledge - Statistics

General Stats
  • This quiz has been taken 40 times
  • The average score is 6 of 20
Answer Stats
出题者 问题 答案 % Correct
wzb 在南京国民政府统治时期,国民党反动派屠杀共产党员与革命志士事件的一个遗址现成为南京市红色景区,一个市辖区也以此命名,这个市辖区是 雨花台区
68%
CNY 围棋棋盘上,位于最中央的一个点位的名字是 天元
68%
wzb 南京夫子庙景区所在的市辖区为 秦淮区
58%
hahahasisisi 得名于6321工作室,形容某些人的行为、言论非常奇特、难以理解的网络流行词是 抽象
53%
CNY 天主教的圣餐中其一是象征耶稣身体的无酵面饼,其二是象征耶稣的血的 葡萄酒
53%
CNY 《红楼梦》中,“子系中山狼,得志便猖狂。金闺花柳质,一载赴黄粱”是哪位金钗的判词 贾迎春
34%
CNY 北宋时,总揆全国军事事务、与中书省并称“二府”的中央机构是 枢密院
34%
pcktrsss 截至2024年,恩施土家族苗族自治州除了恩施市之外唯一的县级市是 利川市
26%
CNY 恐龙在生物学上一般被分为两个目,其中被认为是现代鸟类祖先的一个目是 蜥臀目
21%
CNY 清末民国时期北洋大学堂的旧址目前由某高校使用,该高校是 河北工业大学
21%
wzb 目前国家高速主线有且只有一条以南京作为起点,这是 宁洛高速
18%
suido 美国宾夕法尼亚州首府是 哈里斯堡
18%
hahahasisisi 广东著名粮油食品企业珠江桥牌中的“珠江桥”指的是广州市区的哪一座桥梁 海珠桥
16%
suido 东京小田急电铁与京王井之头线交汇的车站是 下北泽站
16%
TMDDS 位于广东省河源市的万绿湖,它的另一个名字是______水库 新丰江
11%
CNY 词牌《如梦令》的始创者是哪位帝王 李存勖
8%
CNY 在中国传统桌面游戏升官图的四面陀螺中,通常掷出会令玩家在“官场”进步最快的结果是哪个字
8%
suido 因新安江水库建成而被淹没的两座老县城,除老淳安县外的另一座是 遂安县
8%
suido 英国人被称为british,苏格兰人被称为scottish,那么曼岛人的区域称谓是 Manx
8%
TMDDS “得成比目何辞死,愿作鸳鸯不羡仙”出自唐朝诗人______的作品______(答出一个空即可) 卢照邻/长安古意
5%
No matching quizzes found
Score Distribution
Percent of People with Each Score
Percentile by Number Answered
Your Score History
You have not taken this quiz